Robin - Taylor Swift (All Lyrics) - Statistics

General Stats
  • This quiz has been taken 5 times
  • The average score is 145 of 172
Answer Stats
Lyrics % Correct
a
100%
an
100%
and
100%
And
100%
animal
100%
go
100%
have
100%
Higher
100%
higher
100%
idea
100%
In
100%
in
100%
just
100%
lighter
100%
Long
100%
may
100%
no
100%
reign
100%
roar
100%
ruler
100%
The
100%
the
100%
tiger
100%
to
100%
Way
100%
you
100%
You
100%
your
100%
you're
100%
You're
100%
above
80%
All
80%
all
80%
are
80%
At
80%
bed
80%
bloodthirsty
80%
dinosaurs
80%
dragonflies
80%
dreams
80%
favorite
80%
For
80%
for
80%
got
80%
it
80%
keep
80%
nonsense
80%
on
80%
regrets
80%
room
80%
set
80%
spot
80%
sweetness
80%
swing
80%
this
80%
will
80%
arrive
60%
back
60%
bounce
60%
But
60%
Covered
60%
cruel
60%
curiosity
60%
down
60%
From
60%
learn
60%
like
60%
look
60%
mean
60%
mud,
60%
now
60%
of
60%
Out
60%
out
60%
panes
60%
ridiculous
60%
secret
60%
showmanship
60%
Talking
60%
time
60%
trampoline
60%
utter
60%
vowed
60%
we
60%
Wilder
60%
window
60%
You'll
60%
Buried
40%
clocks
40%
deep
40%
levers,
40%
reach
40%
Slowed
40%
Strings
40%
tethered,
40%
tied
40%
we'll
40%
curtail
20%
No matching quizzes found
Score Distribution
Percent of People with Each Score
Percentile by Number Answered
Your Score History
You have not taken this quiz